000 00594nam a2200229Ia 4500
003 OSt
005 20220928114538.0
006 a|||||r|||| 00| 0
007 ta
008 220927b |||||||| |||| 00| 0 eng d
024 _a4959
037 _cTextual
040 _aSDCL
_cSDCL
_beng
041 _2eng
_aeng
082 _aR : (W), P8
100 _aSimmons Ajohn
_9439663
245 0 _aPolitical philosaphy
260 _aNew York
_b Oxford University Press
_c2008
300 _ax,180p
_ccm.
942 _hR : (W), P8
_cTEXL
_2CC
999 _c755354
_d755354